[Event "2nd Sharjah Masters 2018"]
[Site "Sharjah"]
[Date "2018.04.17"]
[Round "7"]
[White "Adhiban, B."]
[Black "Amin, Bassem"]
[Result "1-0"]
[WhiteElo "2661"]
[BlackElo "2700"]
[Annotator "TA"]
[PlyCount "109"]
[EventDate "2018.??.??"]
[EventType "swiss"]
[EventCountry "UAE"]
[SourceTitle "playchess.com"]
[Source "ChessBase"]
[SourceQuality "1"]

{[%evp 21,109,35,29,18,34,19,36,39,31,33,39,34,49,49,39,46,42,42,54,49,53,41,45,44,42,50,47,31,106,88,95,102,108,105,115,125,122,88,152,107,180,184,181,193,213,216,211,198,220,196,205,207,235,227,223,201,222,216,259,259,256,256,243,126,238,147,225,154,154,134,110,0,129,113,114,119,138,52,277,277,277,277,277,277,277,277,272,272,308,300]} 1. e4 e5 2. Nf3 Nc6 3. Bb5 a6 4. Ba4 Nf6 5. O-O Be7 6. Re1 b5 7. Bb3 d6 8. c3 O-O 9. h3 Nb8 {[%cal Bc6b8,Bb8d7,Bd7b6][%mdl 32]} 10. d4 Nbd7 11. c4 c6 {LiveBook: 134 Games} 12. Be3 $146 {C95: Closed Ruy Lopez: Breyer Variation with 10 d4} ({Predecessor:} 12. a3 exd4 13. Nxd4 Ne5 14. cxb5 axb5 15. Bf4 Qb6 16. Nc3 Re8 17. Nc2 Nfd7 18. Nb4 Nc5 19. Ba2 Be6 20. Bxe6 fxe6 {1-0 (57) Smeets,J (2608)-Van den Doel,E (2589) Amstelveen 2017}) 12... Bb7 13. Nbd2 c5 14. d5 {White is slightly better.} Nb6 15. Qc2 Bc8 16. a4 bxa4 17. Bxa4 Nxa4 18. Rxa4 Bd7 19. Ra3 Ne8 20. Rea1 Qc8 21. R1a2 h6 22. Nf1 f5 23. exf5 Bxf5 24. Qe2 g5 (24... Bb1 $14) 25. Ng3 Bg6 26. Nd2 Ng7 27. Nde4 Kh7 28. Bd2 {[%cal Be3d2,Bd2b4,Bb4d6][%mdl 32]} Qb7 29. Qe1 Qc8 ({Black should play} 29... Nf5) 30. Kh2 Rf7 (30... Nf5 $16 {might work better.}) 31. b4 $18 cxb4 32. Bxb4 Qxc4 33. Bxd6 ({Much less strong is} 33. Nxd6 $6 Bxd6 34. Bxd6 Qxd5 $16) 33... Bd8 34. Rd2 ({Weaker is} 34. Bxe5 Qxd5 35. Ba1 Qc6 $14) 34... Nf5 35. Bxe5 {Hoping for Nxf5.} Nxg3 36. Nxg3 Qb4 {[#]} 37. Qc1 $1 Bb6 38. Rf3 Rxf3 39. gxf3 Rf8 40. Rb2 Qc5 41. Qxc5 Bxc5 {[#]} 42. Kg2 (42. d6 $1 $18) 42... Rf7 (42... Re8 $16 {was worth a try.}) 43. Rb8 {[%csl Ge5][%cal Rb8h8]} Bd3 (43... Bf8 $16 {was necessary.} 44. Rb6 Ra7) 44. Rh8+ Kg6 45. Rg8+ Kh7 46. Rh8+ Kg6 47. Rc8 Bf8 48. Rc6+ Kh7 49. Nh5 ({Better is} 49. Ne4 $16) 49... Be2 $2 ({Black should try} 49... Bb5 $14) 50. Nf6+ {White has a decisive advantage.} Kg6 51. d6 {aiming for d7.} Bb5 52. d7 Rxd7 53. Nxd7+ Bxc6 54. Nxf8+ Kf5 55. Bc3 {Precision: White = 73%, Black = 47%.} 1-0

[Event "2nd Sharjah Masters 2018"]
[Site "Sharjah"]
[Date "2018.04.17"]
[Round "7"]
[White "Kovalev, Vladislav"]
[Black "Yakubboev, Nodirbek"]
[Result "1-0"]
[WhiteElo "2648"]
[BlackElo "2482"]
[Annotator "TA"]
[PlyCount "125"]
[EventDate "2018.??.??"]
[EventType "swiss"]
[EventCountry "UAE"]
[SourceTitle "playchess.com"]
[Source "ChessBase"]
[SourceQuality "1"]

{[%evp 17,125,10,16,0,0,0,0,0,0,0,8,5,7,10,21,0,0,0,0,0,0,0,0,0,10,2,18,14,14,0,49,59,109,104,118,112,168,25,39,5,70,70,70,68,128,27,48,0,35,8,8,8,8,8,8,8,109,105,105,100,105,102,110,106,110,110,114,114,138,138,189,182,197,145,141,0,160,97,97,91,92,101,99,116,162,177,381,381,381,356,494,381,381,381,527,521,556,381,1015,984,755,647,1035,680,1306,663,1003,974,2289,1843]} 1. e4 e5 2. Nf3 Nc6 3. Bb5 Nf6 4. d3 {[%cal Bd2d3,Bd3d4][%mdl 32]} Bc5 5. c3 d5 (5... O-O 6. O-O Re8 7. Bg5 Be7 8. Re1 d6 9. d4 Bd7 10. d5 Nb8 11. Bxf6 Bxf6 12. a4 Be7 13. Na3 Rf8 14. Bxd7 Nxd7 {½-½ (31) Anand,V (2776)-Aronian,L (2794) Karlsruhe/Baden-Baden 2018}) 6. Nxe5 {C65: Ruy Lopez: Berlin Defence (3...Nf6), unusual lines and 4 0-0 Bc5} O-O 7. Bxc6 bxc6 8. d4 Bb6 9. O-O Nxe4 {LiveBook: 14 Games} 10. Nd2 c5 11. Nxe4 dxe4 12. dxc5 Bxc5 13. Be3 Bb6 $146 ({Predecessor:} 13... Bxe3 14. fxe3 Qe8 15. Qd4 f6 16. Nc4 Ba6 {Garcia Cedeno,C-Rivera de Leon,J (2105) ICCF email 2017}) 14. Qa4 Qd5 15. Nc6 Qe6 {[#] And now ...Bd7 would win.} 16. Rad1 Bb7 17. Nd4 Qe5 18. Ne2 Rad8 19. Rxd8 Rxd8 20. Rd1 Qe7 21. Rxd8+ Qxd8 22. h3 g6 23. c4 c5 24. Nc3 f5 25. Qb5 a6 26. Qb3 Bc6 (26... g5 $16) 27. Qa3 (27. Nd5 $18 Ba7 28. Qa3) 27... a5 $1 $11 28. Qb3 Kf7 (28... Bc7 $1 $11) 29. Nd5 $14 Ba7 30. g3 Ke6 ({Black should play} 30... Bb8 $1 $14) 31. Nf4+ ({Better is} 31. Qc3 $16) 31... Kf7 $11 32. h4 a4 33. Qc3 {Strongly threatening Nd5!} Bb8 $1 $132 {[%mdl 2048] Black puts up resistance} 34. Qg7+ Kxg7 35. Ne6+ Kf6 36. Nxd8 {[%mdl 4096] Endgame KBB-KBN} Be8 (36... f4 $1 $11 {remains equal.} 37. Bxf4 (37. Nxc6 fxe3 38. f4 Bc7 $11) 37... Bxf4 38. Nxc6 Bc7) 37. Bg5+ $16 ({Much less strong is} 37. Bxc5 h6 $14) 37... Kg7 38. Ne6+ Kf7 39. Nxc5 Bd6 40. Be3 Bc6 41. b3 axb3 42. axb3 h6 43. Na4 Bf8 {[#]} (43... Kg7 $16 {was worth a try.} 44. Kf1 Bb4) 44. Kf1 $1 $18 Kf6 45. Bd4+ (45. Bc5 $18 Bxa4 46. Bd4+ Ke6 47. bxa4) 45... Kf7 46. Be3 Kf6 $1 47. Nc3 ({White should try} 47. Ke2) 47... g5 $16 48. hxg5+ hxg5 49. Bd4+ Ke6 50. c5 f4 51. b4 {[%cal Bb3b4,Bb4b5][%mdl 32]} e3 $2 (51... Bd5 52. Kg2 Bc4) 52. fxe3 $18 fxe3 53. Ke2 g4 54. Kxe3 Bh6+ 55. Kd3 Bg2 56. b5 Bf1+ 57. Kc2 Bf8 $2 (57... Bg5 58. Kb3 Bd2) 58. Kb3 {White is clearly winning.} Be7 59. Kb4 Bd8 60. c6 Bc7 61. Bf2 Be5 {Black hopes to continue with ...Bxc3+.} 62. Na4 Kd5 63. Nb6+ {Precision: White = 62%, Black = 35%.} 1-0

[Event "2nd Sharjah Masters 2018"]
[Site "Sharjah"]
[Date "2018.04.17"]
[Round "7"]
[White "Sethuraman, S P"]
[Black "Naiditsch, Arkadij"]
[Result "1-0"]
[WhiteElo "2631"]
[BlackElo "2701"]
[Annotator "TA"]
[PlyCount "65"]
[EventDate "2018.??.??"]
[EventType "swiss"]
[EventCountry "UAE"]
[SourceTitle "playchess.com"]
[Source "ChessBase"]
[SourceQuality "1"]

{[%evp 16,65,9,6,15,19,34,17,33,27,20,7,57,41,76,59,59,68,97,102,115,83,67,80,80,80,75,56,69,56,67,0,0,0,0,0,0,0,275,266,854,847,810,650,539,534,512,422,29990,29991,29998,29999]} 1. e4 e5 2. Nf3 Nc6 3. Bc4 Bc5 4. d3 Nf6 5. O-O d6 6. c3 h6 7. Re1 O-O {C54: Giuoco Piano: 4 c3 Nf6, main lines with 5 d4 and 5 d3} 8. Nbd2 (8. h3 a6 9. a4 Re8 10. b4 Ba7 11. Nbd2 Be6 12. Bxe6 Rxe6 13. Qc2 Qd7 14. Nf1 Ne7 15. Ng3 Ng6 16. c4 {½-½ (45) Karjakin,S (2763)-Anand,V (2776) Moscow 2018}) 8... a5 9. Nf1 {LiveBook: 9 Games} Ne7 {The position is equal.} 10. Bb3 $146 ({Find the theoretical novelty and annotate with similar games:} 10. Ng3 Ng6 11. h3 c6 12. Bb3 Re8 13. d4 exd4 14. cxd4 Bb6 15. Qc2 {½-½ (36) Kacharava,N (2206)-Gharibyan,M (2346) Jermuk 2017}) 10... Ng6 11. Ng3 a4 12. Bxa4 Bg4 13. d4 exd4 14. cxd4 Bb4 15. Re3 c5 16. d5 Ne5 17. a3 Ba5 18. Qf1 Bxf3 19. gxf3 c4 20. Bc2 Bb6 21. Qg2 Bxe3 22. Bxe3 Kh7 $1 23. Nf5 ({White should try} 23. f4 $1 $14 Ng6 24. Nf5) 23... Nh5 $1 $11 24. Qh3 $36 {[%mdl 2048] White has some pressure.} g6 25. Kh1 Qf6 $1 26. Bxh6 {Hoping for Rg1.} Rh8 $2 {[%mdl 8192] [#]} (26... Rg8 $11 {and Black is okay.}) 27. Rg1 $1 $18 {Threatens to win with Bg5.} ({Don't take} 27. Bg7 $6 Qg5 $16) 27... Nxf3 $2 (27... Nd3 28. Bxd3 cxd3) 28. Qxf3 Qxb2 29. Nxd6 Kxh6 30. Qxf7 {[%csl Gf7][%cal Rg1g6]} Rhg8 31. Bd1 {White wants to mate with Nf5+!} Nf6 (31... Rg7 $18 32. Rxg6+ (32. Nxc4 Rxf7 33. Nxb2 Rxf2 $15) 32... Rxg6 33. Nf5+ Kg5) 32. f4 Ra6 {[#]} 33. Rxg6+ $1 {[%mdl 512] Precision: White = 86%, Black = 49%.} 1-0

[Event "2nd Sharjah Masters 2018"]
[Site "Sharjah"]
[Date "2018.04.17"]
[Round "7"]
[White "Jumabayev, Rinat"]
[Black "Kryvoruchko, Yuriy"]
[Result "1/2-1/2"]
[WhiteElo "2612"]
[BlackElo "2703"]
[Annotator "TA RC"]
[PlyCount "116"]
[EventDate "2018.??.??"]
[EventType "swiss"]
[EventCountry "UAE"]
[SourceTitle "playchess.com"]
[Source "ChessBase"]
[SourceQuality "1"]

{[%evp 21,116,28,29,21,21,20,22,10,11,6,4,15,8,25,29,-22,-18,-31,-14,-25,4,0,0,0,35,35,29,0,0,0,0,-19,-7,-14,-15,-18,0,0,0,0,0,0,0,3,98,91,99,87,117,115,144,146,146,148,150,146,171,146,148,146,146,146,148,148,268,264,241,206,237,245,335,340,299,294,241,8,8,8,156,8,8,8,8,8,8,8,8,8,8,8,8,8,8,0,0,0,0]} 1. e4 e5 2. Nf3 Nc6 3. Bc4 Bc5 4. c3 Nf6 5. d3 d6 6. O-O O-O 7. Re1 a6 {C54: Giuoco Piano: 4 c3 Nf6, main lines with 5 d4 and 5 d3} 8. a4 h6 9. h3 Re8 10. Nbd2 Be6 11. Bxe6 Rxe6 {LiveBook: 20 Games} 12. b4 Ba7 13. Qc2 Ne7 14. Nf1 {[#]} d5 $146 ({Predecessor:} 14... Ng6 15. Be3 Bxe3 16. Nxe3 {½-½ (33) Giri,A (2762)-Safarli,E (2632) Antalya 2017}) 15. Bd2 dxe4 16. dxe4 c5 17. b5 c4 18. Ne3 (18. Be3 $142) 18... Rc8 $11 19. Rab1 Bc5 20. Nf5 Qb6 21. Be3 Nxf5 22. exf5 Ree8 23. bxa6 Qxa6 24. Rb5 Bxe3 25. Rxe3 e4 26. Nd4 Ra8 27. a5 Qd6 28. Re1 Re5 29. Qa4 Rxb5 30. Qxb5 Qd5 31. Ra1 Qxb5 32. Nxb5 {[%mdl 4096] Endgame KRN-KRN} Rd8 (32... Ra6 $11) 33. Na3 $1 $16 Rc8 34. Rb1 Rc5 35. Rb5 $1 {[%cal Rb5c5]} ({Much less strong is} 35. Rxb7 $6 Rxa5 36. Nxc4 Rxf5 $14) 35... Rxb5 36. Nxb5 {KN-KN} Nd5 {intending ...Kf8.} 37. Nd6 Nxc3 38. Nxc4 Nb5 39. Kf1 Kf8 40. Ke2 Ke7 41. Ke3 Nd6 42. Kd4 Nxf5+ (42... Kd7 $16 {was worth a try.}) 43. Kc5 $1 $18 Kd7 44. g4 $1 {[%cal Rg4f5]} Ne7 45. Nd6 Kc7 {[#]} 46. Ne8+ $1 Kb8 47. Nxg7 Ka7 {Now ...Ka6 and Black clings on.} 48. Kb5 $2 (48. Kd6 $18 Ng8 49. Nf5) 48... Nd5 $1 $11 49. Nf5 Nf4 {[#]} (49... Nc3+ $1 $11 50. Kb4 Nd1) 50. Nd6 ({White has to play} 50. h4 $1 $16) 50... Nxh3 {The position is equal.} 51. Nxe4 Nf4 52. Nd6 f6 {[%cal Bf7f6,Bf6f5][%mdl 32]} 53. Ne4 h5 54. gxh5 Nxh5 55. f3 f5 56. Nd6 Ng3 57. Nc8+ Kb8 58. Ne7 Ka7 {Precision: White = 53%, Black = 58%.} 1/2-1/2

[Event "2nd Sharjah Masters 2018"]
[Site "Sharjah"]
[Date "2018.04.17"]
[Round "7"]
[White "Vishnu Prasanna  V"]
[Black "Kowsarinia, Amir"]
[Result "1-0"]
[WhiteElo "2510"]
[BlackElo "2316"]
[Annotator "TA"]
[PlyCount "95"]
[EventDate "2018.??.??"]
[EventType "swiss"]
[EventCountry "UAE"]
[SourceTitle "playchess.com"]
[Source "ChessBase"]
[SourceQuality "1"]

{[%evp 17,95,12,26,22,85,83,91,87,96,109,150,126,122,70,69,35,46,29,39,44,48,41,45,4,33,0,0,0,0,0,0,0,12,0,0,0,0,-40,-20,-33,0,0,0,0,0,0,41,34,172,160,157,168,319,219,212,214,268,162,179,194,379,383,357,354,460,465,589,589,743,733,753,691,973,973,888,863,852,734,29993,29994]} 1. e4 c5 2. Nf3 Nc6 3. d4 cxd4 4. Nxd4 e5 5. Nb5 a6 6. Nd6+ Bxd6 7. Qxd6 Qf6 8. Qd2 Nge7 9. Nc3 d6 {LiveBook: 9 Games. B32: Sicilian: Löwenthal and Kalashnikov Variations} 10. f3 $146 ({Find the theoretical novelty and annotate with similar games:} 10. b3 O-O 11. Bb2 Be6 12. Nd5 Qh4 13. Nxe7+ Nxe7 14. Bd3 d5 15. Qe3 d4 16. Qg3 Qxg3 17. hxg3 {½-½ (67) Leko,P (2749)-Vallejo Pons,F (2686) Linares 2005}) 10... Nd4 (10... O-O $11 {keeps the balance.}) 11. Qf2 $16 Be6 {White is better.} 12. Be3 Rc8 13. O-O-O Nec6 14. Kb1 O-O 15. a3 ({Better is} 15. f4 $16) 15... Qd8 $14 16. Qd2 b5 {With the idea ...b4.} 17. Nd5 $1 f5 18. Bd3 f4 19. Bf2 Bf7 20. c3 Nb3 $1 {[%cal Rb3d2]} 21. Qe2 Ne7 22. Bh4 Bxd5 23. exd5 Nc5 {[%cal Bb3c5,Bc5d7,Bd7b6][%mdl 32]} 24. Bc2 Qe8 25. Rhe1 Qf7 26. Bf2 Rc7 27. b4 Nd7 28. Qd3 {[%csl Gc2][%cal Rd3h7]} g6 (28... Qh5 {NOTEXT} 29. Bb3 a5 30. Rc1 Ra8 31. Kb2 Rb7) 29. Bb3 $40 {[%mdl 128] White has some attack.} Rb8 30. Kb2 Nc8 31. Rc1 Ndb6 32. Re4 Kg7 {[#]} ({Black should try} 32... Qf5 $14) 33. g3 $1 $18 fxg3 34. hxg3 Ne7 $2 (34... Qf6) 35. f4 {[%cal Bf3f4,Bf4e5,Be5d6,Bd6d7][%mdl 32] And now Bxb6 would win.} Nc4+ 36. Bxc4 bxc4 37. Rxc4 Rxc4 38. Qxc4 Rc8 $2 (38... exf4 39. Qxa6 Qxd5) 39. Qxa6 Qxd5 40. fxe5 Rf8 41. Qa7 Kg8 {White must now prevent ...Nc6.} 42. exd6 ({Weaker is} 42. Qxe7 Rxf2+ 43. Rc2 Rxc2+ 44. Kxc2 dxe5 $18) 42... Nc6 43. Qc5 Qe4 44. Bd4 {Threatens to win with Qc4+.} h5 45. d7 Qe6 46. b5 Rb8 {[#]} 47. Qxc6 $1 {[%mdl 512]} Qe2+ (47... Qxc6 48. d8=Q+) 48. Ka1 {Precision: White = 76%, Black = 44%.} 1-0

[Event "2nd Sharjah Masters 2018"]
[Site "Sharjah"]
[Date "2018.04.17"]
[Round "7"]
[White "Haddouche, Mohamed"]
[Black "Grandelius, Nils"]
[Result "0-1"]
[WhiteElo "2506"]
[BlackElo "2652"]
[Annotator "TA"]
[PlyCount "90"]
[EventDate "2018.??.??"]
[EventType "swiss"]
[EventCountry "UAE"]
[SourceTitle "playchess.com"]
[Source "ChessBase"]
[SourceQuality "1"]

{[%evp 13,90,26,13,15,15,10,31,0,5,0,2,6,14,12,0,0,0,-10,-2,-18,-12,-23,-12,-83,-20,-158,-95,-116,-116,-101,-102,-85,-85,-93,-86,-87,-102,-103,-50,-59,-68,-143,-132,-184,-206,-231,-236,-220,-234,-240,-238,-232,-235,-318,-318,-310,-302,-349,-343,-350,-339,-352,-333,-417,-391,-525,-527,-521,-503,-560,-547,-610,-600,-630,-630,-1228,-1175,-1721,-1080]} 1. e4 c5 2. Nf3 d6 3. d4 cxd4 4. Qxd4 Nf6 5. Nc3 Nc6 6. Bb5 {B53: Sicilian: 2...d6: Lines with Qxd4} Nd7 7. Qa4 Nb6 {LiveBook: 6 Games} 8. Qb3 {The position is equal.} e6 9. Be3 Be7 10. a4 O-O 11. O-O $146 ({Predecessor:} 11. a5 Nd7 12. a6 Rb8 13. axb7 Bxb7 {0-1 (39) Alsina Leal,D (2535)-Vachier Lagrave,M (2710) San Sebastian 2011}) 11... Nd7 12. Rfd1 a6 13. Be2 b6 {[%cal Bb7b6,Bb6b5][%mdl 32]} 14. Bf4 Qc7 15. Qc4 Bb7 16. Rd2 b5 17. Qd3 {[%cal Rf4d6]} b4 {[#] Hoping for ...Nc5.} 18. Na2 (18. Bxd6 $11 {keeps the balance.} Qxd6 19. Qxd6 Bxd6 20. Rxd6) 18... Nc5 ({Black should play} 18... Nde5 $17 19. Qb3 Nd7) 19. Qc4 (19. Bxd6 $11 Qxd6 20. Qxd6 Bxd6 21. Rxd6) 19... Na5 ({Worse is} 19... Nxa4 20. Nxb4 Nb6 21. Qc3 $11) ({Black should try} 19... Ne5 20. Bxe5 dxe5 21. Nxb4 Rfc8) 20. Qxb4 $17 Nxe4 21. Rdd1 Rab8 22. Qe1 e5 $36 {[%mdl 2048] Black is on the roll.} ({Don't play} 22... Qxc2 $6 23. Bd3 $14) 23. Be3 Nc4 ({And not} 23... Qxc2 24. Rdc1 $16) 24. Bc1 d5 {[%cal Bd6d5,Bd5e4,Be4e3][%mdl 32]} 25. Nc3 {[#]} Bc5 ({Better is} 25... Na3 $1 $17 {[%mdl 512]} 26. Nxd5 (26. Rxa3 Bxa3) 26... Bxd5 27. bxa3 Bc5) 26. Nxe4 $15 dxe4 27. Ng5 (27. Bxc4 $15 exf3 28. Bd5) 27... e3 $17 28. f3 (28. Qc3 $17 exf2+ 29. Kh1) 28... h6 $19 29. Nh3 Bc8 30. Kh1 Nxb2 31. Bxb2 Rxb2 32. Qc3 Rb7 33. Ng1 Bd4 34. Qxc7 Rxc7 35. Rac1 Bb2 36. Rb1 Rxc2 37. Rd6 Bd4 38. Bd3 Rd2 39. Bc4 Bf5 {Black is clearly winning.} 40. Re1 a5 41. Ne2 Rc8 42. Bb5 Bc3 43. Ra6 Bb4 44. g4 Bd3 45. Ng3 Rf2 {Precision: White = 34%, Black = 77%.} 0-1

[Event "2nd Sharjah Masters 2018"]
[Site "Sharjah"]
[Date "2018.04.17"]
[Round "7"]
[White "Erigaisi Arjun"]
[Black "Nyazi, Nehad"]
[Result "1-0"]
[WhiteElo "2481"]
[BlackElo "2213"]
[Annotator "TA"]
[PlyCount "55"]
[EventDate "2018.??.??"]
[EventType "swiss"]
[EventCountry "UAE"]
[SourceTitle "playchess.com"]
[Source "ChessBase"]
[SourceQuality "1"]

{[%evp 21,55,38,44,-54,58,54,84,85,97,47,47,47,47,47,45,45,31,35,40,54,63,0,10,12,128,73,170,173,242,207,491,420,406,262,264,272]} 1. d4 Nf6 2. c4 g6 3. Nc3 Bg7 4. e4 d6 5. Be2 O-O 6. Bg5 Na6 {[%cal Bb8a6,Ba6c7,Bc7e6][%mdl 32]} 7. f4 c6 8. Qd2 {E73: King's Indian: Averbakh Variation without 6...c5} Nc7 9. Bf3 Ne6 10. Bh4 c5 11. dxc5 Nxc5 {LiveBook: 16 Games} 12. Rc1 $146 (12. Rd1 $14) ({Predecessor:} 12. Rd1 Qa5 13. Nge2 Be6 14. b3 Rfe8 15. O-O Rad8 {½-½ (40) Khismatullin,D (2679)-Mamedov,R (2652) Khanty-Mansiysk 2014}) 12... Qa5 (12... e5 $15) 13. Nge2 $14 Be6 14. b3 Rfd8 15. h3 b5 $1 {[%cal Rb5c4]} 16. cxb5 {Black must now prevent Nd4.} Bxb3 $1 17. axb3 Nxb3 18. Qa2 Qxa2 19. Nxa2 {Strongly threatening Rc3.} Nxc1 20. Naxc1 Rab8 21. Nd4 (21. Nc3 $14) 21... Rd7 $11 22. f5 $36 {[%mdl 2048] White has good play.} Kf8 {[#]} (22... Rc7 $11 {remains equal.} 23. O-O Nxe4) 23. Ncb3 (23. O-O $142 $1) 23... Ne8 (23... a6 $16) 24. O-O $18 Nc7 (24... Rc7 {keeps fighting.} 25. Be2 Rc3 26. fxg6 hxg6) 25. Be2 d5 $2 {[#]} (25... Ke8 {was necessary.} 26. Bc4 e5) 26. Ne6+ $1 {[%mdl 512]} Kg8 (26... fxe6 27. fxe6+) 27. Nxc7 Rxc7 28. Bg3 {Precision: White = 29%, Black = 27%.} ({Resist} 28. exd5 $6 Re8 $18) 1-0

[Event "2nd Sharjah Masters 2018"]
[Site "Sharjah"]
[Date "2018.04.17"]
[Round "7"]
[White "Vignesh N R"]
[Black "Rakhmanov, Aleksandr"]
[Result "1/2-1/2"]
[WhiteElo "2475"]
[BlackElo "2652"]
[Annotator "TA"]
[PlyCount "90"]
[EventDate "2018.??.??"]
[EventType "swiss"]
[EventCountry "UAE"]
[SourceTitle "playchess.com"]
[Source "ChessBase"]
[SourceQuality "1"]

{[%evp 18,90,51,20,42,8,50,21,73,45,80,56,52,33,32,32,47,0,19,-12,-7,-4,-5,-8,-7,-7,-5,-5,0,0,0,0,0,0,0,0,0,0,0,0,0,0,0,-84,-84,-84,-84,-84,-92,-239,-238,-227,-219,-217,-80,-80,-82,-82,-66,-66,-8,-43,0,0,0,0,0,0,0,0,0,0,0,0,0]} 1. e4 e6 2. d4 d5 3. Nd2 dxe4 4. Nxe4 Bd7 5. Nf3 Bc6 6. Bd3 Nd7 7. O-O Ngf6 8. Ng3 g6 {C10: French with 3 Nc3: Unusual Black 3rd moves and 3...dxe4} 9. Re1 (9. Qe2 Bg7 10. Ne5 Nxe5 11. dxe5 Nd7 12. f4 O-O 13. Be4 Bxe4 14. Nxe4 Qe7 15. Be3 Rfd8 16. Rad1 {½-½ (64) So,W (2815)-Carlsen,M (2832) chess.com INT 2017}) 9... Bg7 10. c3 {LiveBook: 3 Games} O-O 11. Bf4 b6 $146 ({Predecessor:} 11... Bxf3 12. Qxf3 Nd5 13. Bc4 Nxf4 14. Qxf4 Nb6 15. Bb3 Nd5 16. Qf3 {½-½ (40) Brynell,S (2506)-Hillarp Persson,T (2460) Skara 2002}) 12. Qe2 a5 (12... Bxf3 $11 13. Qxf3 c5) 13. Rad1 a4 14. a3 Ra5 15. c4 Qc8 16. Bd2 Ra8 17. Ne5 Bb7 18. Ne4 (18. Bc3 {seems wilder.} Nxe5 19. dxe5 Nd7 20. Bd4 Rd8 21. Qe3) 18... Nxe4 19. Bxe4 c5 20. Nxd7 Qxd7 21. dxc5 Bxe4 22. Qxe4 bxc5 23. Bc3 Qc7 24. Bxg7 Kxg7 25. Rd2 Rad8 26. Red1 Rxd2 27. Rxd2 $11 {[%mdl 4096] Endgame KQR-KQR} Rb8 28. g3 h5 29. h4 Rb3 30. Kg2 (30. Kh2 $11 {remains equal.}) 30... Qb7 $36 {[%mdl 2048] Black is in control.} 31. Qxb7 Rxb7 {KR-KR} 32. Rd8 Rxb2 33. Rc8 (33. Ra8 $17) 33... Rb3 34. Rxc5 Rxa3 35. Rc7 Kf8 (35... e5 $19 {and Black stays clearly on top. ...Kf6 is the strong threat.} 36. Rc6 Rc3) 36. c5 Ke8 37. c6 f5 38. Rg7 Kd8 (38... Rc3 $15 39. Ra7 a3 40. Ra8+ Ke7) 39. Rxg6 $11 Ke7 40. Rh6 {The position is equal.} Rc3 41. Rxh5 Rxc6 {[#] Strongly threatening ...Ra6.} 42. Rh7+ Kf6 {aiming for ...Ra6.} 43. Ra7 Rc4 44. Ra6 Re4 45. Kf3 Rb4 {Precision: White = 56%, Black = 49%.} 1/2-1/2

[Event "2nd Sharjah Masters 2018"]
[Site "Sharjah"]
[Date "2018.04.17"]
[Round "7"]
[White "Iniyan, P."]
[Black "Maroroa, Sue"]
[Result "1-0"]
[WhiteElo "2466"]
[BlackElo "2102"]
[Annotator "TA"]
[PlyCount "85"]
[EventDate "2018.??.??"]
[EventType "swiss"]
[EventCountry "UAE"]
[SourceTitle "playchess.com"]
[Source "ChessBase"]
[SourceQuality "1"]

{[%evp 24,85,35,16,50,7,13,8,25,22,43,0,0,0,0,0,8,0,51,44,63,54,116,106,127,120,137,79,79,79,83,79,79,79,263,263,385,381,415,399,392,349,406,413,399,331,335,324,480,329,592,581,613,628,599,614,581,626,616,614,595,569,532,506]} 1. d4 Nf6 2. c4 g6 3. Nc3 Bg7 4. e4 d6 5. Nf3 O-O 6. Be2 e5 7. O-O Nc6 8. d5 Ne7 9. a4 a5 10. Ne1 Nd7 11. Nd3 f5 12. f3 f4 {E97: King's Indian: Classical Main Line (6...e5 7 0-0 Nc6): 8 Be3 and 8 d5 Ne7, not 9 Ne1} 13. b3 {LiveBook: 16 Games} c5 (13... g5 14. Ba3 b6 15. Nb5 Ng6 16. b4 axb4 17. Bxb4 Nc5 18. Nf2 Nb7 19. a5 bxa5 20. Qe1 {0-1 (39) Nisipeanu,L (2667)-Adhiban,B (2643) Linares 2015}) 14. dxc6 bxc6 {The position is equal.} 15. Ba3 c5 16. Nb5 $146 ({Predecessor:} 16. Nf2 Ra6 17. Nb5 Qb6 18. Ra2 Nf6 19. Rd2 Ne8 20. Qb1 {½-½ (45) Kaim,P (2216)-Fudalej,M (2198) Szczyrk 2014}) 16... Ra6 17. Nc1 {[%cal Bd3c1,Bc1a2,Ba2c3,Bc3d5][%mdl 32]} Rf6 18. Ra2 Bb7 19. Rd2 {[%cal Rb5d6]} Qb8 20. Na2 g5 ({Black should play} 20... Bf8 $11) 21. Nac3 $36 {[%mdl 2048] White is more active.} Kh8 22. Nd5 Bxd5 (22... Nxd5 $14 23. exd5 (23. cxd5 Rg6 $14) 23... Bc8) 23. cxd5 $16 Ra8 24. Bb2 Qb6 {[#]} 25. Rf2 ({Better is} 25. Na3 $1) 25... Nb8 26. Na3 Na6 27. Bxa6 Rxa6 28. Nc4 Qc7 $2 {[#]} (28... Qd8 $16) 29. Bxe5 $1 $18 {[%mdl 512]} Rg6 (29... Ng6 {was called for.}) (29... dxe5 30. d6) 30. Bxg7+ Rxg7 {[#]} 31. e5 $1 {[%mdl 512]} Nf5 (31... dxe5 32. d6) 32. exd6 Rxd6 33. Nxd6 Qxd6 34. Qc2 Nd4 35. Qc4 Nf5 (35... h5 {might work better.} 36. Rxd4 cxd4 37. Qxd4 Kh7) 36. Qe4 Ne3 $2 (36... Nd4 37. Rxd4 cxd4) 37. Qe6 {White is clearly winning.} Rg6 38. Qxd6 Rxd6 39. Rfe2 Kg7 40. Re1 c4 41. bxc4 Nxc4 42. Rc2 Ne3 43. Rc7+ {Precision: White = 55%, Black = 38%.} 1-0